000 00332nam a22001457a 4500
008 221220b ||||| |||| 00| 0 eng d
020 _a9780615211909
041 _aeng
080 _a610.73
082 _a610.73MAT
100 _a7
101 _aINF
245 _aSOLVING THE GLOBAL NURSE SHORTAGE
_cMATHIS D.SH
942 _2udc
_cBK
999 _c59213
_d59213